000 00599nam a2200217 i 4500
001 bg
100 1 _aDanowski, Bartosz.
245 1 0 _aPo prostu Nero 6 /
_cBartosz Danowski.
260 _aGliwice :
_b"Helion",
_ccop. 2005.
300 _a204 s. :
_bil. ;
_c24 cm +
_eCD ROM.
650 9 _aNero (informat.)
655 _aPodręczniki
020 _a8373617426
040 _cBPK
041 0 _apol
080 _a004.42(07)
920 _a83-7361-742-6
942 _cKS
008 s pl f |000 0 pol
999 _c45804
_d45804
856 _uhttp://koha.tu.koszalin.pl/cgi-bin/koha/opac-detail.pl?biblionumber=45804
_yKatalog online BPK